Score 0/10 Timer 01:00
0 Plays Today
Clue 4-Letter Word % Correct
Kill a dragonSLAY
95.6%
Costing nothingFREE
94%
The CW's 'One ___ Hill'TREE
93.5%
Remain behindSTAY
88.2%
WorryFRET
86.9%
Delta Tau Delta, e.g.FRAT
79.4%
A-lister?STAR
73%
Become unraveledFRAY
71.6%
Peel off, as with skinFLAY
70.6%
Long journeyTREK
68.5%

Today's Daily Dose

Remove Ads.
Support Sporcle.
Get the best of Sporcle when you Go Orange. This ad-free experience offers more features, more stats, and more fun while also helping to support Sporcle. Thank you for becoming a member.

You're not logged in!

Compare scores with friends on all Sporcle quizzes.
OR
Log In

Show Comments

Extras

Top Quizzes Today


Score Distribution

Your Account Isn't Verified!

In order to create a playlist on Sporcle, you need to verify the email address you used during registration. Go to your Sporcle Settings to finish the process.

Report this User

Report this user for behavior that violates our Community Guidelines.

Details: